| 000 | 00000nam##2200000za#4500 |
| 001 | 9.572921 |
| 003 | CaOODSP |
| 005 | 20210624183443 |
| 007 | cr ||||||||||| |
| 008 | 150406|2002||||xxc|||||o f|0| 0 eng|d |
| 040 | |aCaOODSP|beng |
| 043 | |an-cn--- |
| 086 | 1 |aBT31-4/6-2002E-PDF |
| 110 | 1 |aCanada. |bTreasury Board. |
| 245 | 10|aIndian and Northern Affairs Canada and Canadian Polar Commission, performance report for the period ending March 31, 2002 |h[electronic resource] |
| 260 | |aOttawa - Ontario : |bTreasury Board of Canada Secretariat |cc2002. |
| 300 | |a99p.|bfigs., graphs, tables, photographs |
| 490 | 1 |aPerformance report for the period ending March 31, 2002 |vFor the period ending March 31, 2002 |
| 500 | |aThe catalogue number (BT31-4/6-2002) and ISBN (0-660-62117-7) for the bilingual print edition have been incorrectly copied in this electronic publication. |
| 590 | |a12-15-Supp|b2012-04-13 |
| 775 | 08|tAffaires indiennes et du Nord Canada et Commission canadienne des affaires polaires, rapport sur le rendement pour la période se terminant le 31 mars 2002 |w(CaOODSP)9.603166 |
| 776 | 0#|tAffaires indiennes et du Nord Canada et Commission canadienne des affaires polaires |w(CaOODSP)9.536821 |
| 776 | 0#|tIndian and Northern Affairs Canada and Canadian Polar Commission |w(CaOODSP)9.536820 |
| 830 | #0|aPerformance report for the period ending March 31, 2002 ;|vFor the period ending March 31, 2002|w(CaOODSP)9.506264 |
| 856 | 40|ahttp://publications.gc.ca|qPDF|s1.41 MB|uhttps://publications.gc.ca/collections/collection_2012/sct-tbs/BT31-4-6-2002-eng.pdf|yFor the period ending March 31, 2002 |